000 00493nam a22002057a 4500
003 CO-ViMGA
005 20230915225007.0
008 150601b xxu||||| |||| 00|
020 _a9789588846217
040 _aCO-ViMGA
_bspa
_cCO-ViMGA
090 _bC COO1
100 1 _4COOPER HELEN
245 1 0 _a¡HA SIDO EL PEQUEÑO MONSTRUO!
250 _a2 ED
260 _aBOGOTA
_bJUVENTUD
_c2013
300 _a[ 30 ] PAGINAS
650 1 4 _2CUENTO
700 1 _4SCHEURER CHRISTIANNE
942 _2ddc
_cBK
999 _c136
_d136